The post-social turn (Record no. 80504)
[ view plain ]
| 000 -LEADER | |
|---|---|
| fixed length control field | 00861cab a22001935a 4500 |
| 001 - CONTROL NUMBER | |
| control field | L144509 |
| 008 - FIXED-LENGTH DATA ELEMENTS--GENERAL INFORMATION | |
| fixed length control field | 080723s2008 xxk f 000 0 eng d |
| 035 ## - SYSTEM CONTROL NUMBER | |
| System control number | (Sirsi) u144509 |
| 041 0# - LANGUAGE CODE | |
| Language code of text/sound track or separate title | eng |
| 100 1# - MAIN ENTRY--PERSONAL NAME | |
| Personal name | Gabrielle, Michelle |
| 245 04 - TITLE STATEMENT | |
| Title | The post-social turn |
| Remainder of title | challenges for housing research |
| 260 ## - PUBLICATION, DISTRIBUTION, ETC. | |
| Date of publication, distribution, etc. | 2008 |
| 490 ## - SERIES STATEMENT | |
| Series statement | Housing Studies |
| Volume/sequential designation | (23)4 July 2008, 527-540(14) |
| 520 ## - SUMMARY, ETC. | |
| Summary, etc. | Argues that new developments in cultural geography the 'post-social turn' have gone largely unnoticed by housing researchers and is yet to be addressed. In view of this gap, the paper reviews recent developments in post-social theory with a specific focus on the implications of this approach for housing studies. |
| 651 #4 - SUBJECT ADDED ENTRY--GEOGRAPHIC NAME | |
| Geographic name | International |
| 690 ## - LOCAL SUBJECT ADDED ENTRY--TOPICAL TERM (OCLC, RLIN) | |
| Topical term or geographic name as entry element | PROPERTY-RESIDENTIAL PROPERTY-DOMESTIC RESIDENTIAL PROPERTY-HOUSING |
| 700 1# - ADDED ENTRY--PERSONAL NAME | |
| Personal name | Jacobs, Keith |
| 942 ## - ADDED ENTRY ELEMENTS (KOHA) | |
| Suppress in OPAC | 0 |
| Withdrawn status | Lost status | Source of classification or shelving scheme | Damaged status | Not for loan | Home library | Current library | Shelving location | Date acquired | Total Checkouts | Full call number | Barcode | Date last seen | Copy number | Price effective from | Koha item type |
|---|---|---|---|---|---|---|---|---|---|---|---|---|---|---|---|
| Dewey Decimal Classification | London | London | Journal article | 23/07/2008 | L144509 | 144509-1001 | 06/08/2019 | 1 | 06/08/2019 | Journal article |